000 00328nam a2200109Ia 4500
005 20251222143316.0
008 251222s9999||||xx |||||||||||||| ||spa||
082 _a304.83/S23
100 _aSánchez Aguilar, Aníbal
245 0 _aLa Migración Externa Peruana un Fenómeno creciente, aproximaciones a su medición:
942 _cLIB
999 _c15909
_d15909